[Event "Benalmadena Rapid op 1st"]
[Site "Benalmadena"]
[Date "2023.02.26"]
[Round "8"]
[White "Sanjuan Garcia, Miguel"]
[Black "Bouzo Alvarez, Jose Antonio"]
[Result "1-0"]
[WhiteElo "1946"]
[BlackElo "2174"]
[PlyCount "161"]
[EventDate "2023.02.25"]
[EventType "swiss (rapid)"]
[EventRounds "9"]
[EventCountry "ESP"]
[SourceTitle "CBM 212 Extra"]
[Source "ChessBase"]
[SourceDate "2023.03.31"]
[SourceVersion "1"]
[SourceVersionDate "2023.03.31"]
[SourceQuality "1"]

1. e4 d6 2. Nc3 g6 3. g3 Nf6 4. Bg2 Bg7 5. Nge2 0-0 6. 0-0 c5 7. d4 cxd4 8. Nxd4 Qb6 9. Nb3 Nc6 10. Be3 Qd8 11. h3 Ne5 12. Nd5 Nc4 13. Bd4 Nxd5 14. Bxg7 Kxg7 15. exd5 Nb6 16. Qd4+ Kg8 17. Rfe1 Bf5 18. Re2 Rc8 19. c3 Re8 20. Rae1 Rc4 21. Qd2 Rc7 22. Nd4 Bc8 23. b3 a6 24. c4 Nd7 25. Qg5 e5 26. Qxd8 Rxd8 27. Nc2 b5 28. cxb5 axb5 29. Nb4 Bb7 30. Nc6 Bxc6 31. dxc6 Nb6 32. f4 f6 33. fxe5 dxe5 34. g4 h6 35. h4 g5 36. hxg5 hxg5 37. Rf1 Kg7 38. Rff2 Rd4 39. Bf3 Nd5 40. Rd2 Nb4 41. Rxd4 exd4 42. a3 Nd3 43. Rd2 Ne5 44. Be4 d3 45. Kg2 Kf7 46. Bxd3 Rxc6 47. Bxb5 Rc3 48. Bc4+ Nxc4 49. bxc4 Rxa3 50. Rc2 Ra4 51. Kf3 Ke6 52. Ke4 Ra1 53. Kd4 Rg1 54. Re2+ Kd7 55. Re4 Rd1+ 56. Kc5 Rf1 57. Kd4 Kd6 58. c5+ Kc6 59. Re6+ Kd7 60. Re4 Rd1+ 61. Kc4 Rf1 62. Kd5 Rd1+ 63. Kc4 Kc7 64. Re7+ Kd8 65. Re6 Rf1 66. Kd5 f5 67. gxf5 Rxf5+ 68. Kd6 Rf1 69. Rg6 Rd1+ 70. Kc6 Rg1 71. Kb7 Rb1+ 72. Rb6 Rh1 73. Rd6+ Ke7 74. Rg6 Rb1+ 75. Kc7 Rg1 76. c6 Kf7 77. Rd6 Ra1 78. Kd8 Ra8+ 79. Kd7 g4 80. Rd4 Rg8 81. Rf4+ 1-0

[Event "Malaga op 16th"]
[Site "Malaga"]
[Date "2022.10.30"]
[Round "6"]
[White "Sanjuan Garcia, Miguel"]
[Black "Garcia Blazquez, Perez Manuel"]
[Result "1-0"]
[WhiteElo "1940"]
[BlackElo "1810"]
[PlyCount "149"]
[EventDate "2022.10.27"]
[EventType "swiss"]
[EventRounds "9"]
[EventCountry "ESP"]
[SourceTitle "EXT 2024"]
[Source "ChessBase"]
[SourceDate "2023.10.10"]
[SourceVersion "1"]
[SourceVersionDate "2023.10.10"]
[SourceQuality "1"]

1. e4 e6 2. d4 d5 3. e5 c5 4. c3 Nc6 5. Be3 Nge7 6. Bd3 Qb6 7. Qd2 cxd4 8. cxd4 Bd7 9. Nf3 Nb4 10. Be2 Rc8 11. Nc3 Nf5 12. 0-0 Nxe3 13. fxe3 Be7 14. Rac1 0-0 15. a3 Nc6 16. Na4 Qa5 17. Nc5 Qxd2 18. Nxd2 Bxc5 19. Rxc5 b6 20. Rc3 Ne7 21. Rfc1 Rxc3 22. Rxc3 Rc8 23. Nb1 f6 24. exf6 gxf6 25. Ba6 Rxc3 26. Nxc3 Nf5 27. Kf2 Nd6 28. b3 Bc6 29. Bd3 h6 30. Kg3 e5 31. a4 Kg7 32. b4 a5 33. b5 Bb7 34. Kg4 Bc8+ 35. Kh5 Be6 36. g4 e4 37. Be2 Bf7+ 38. Kh4 f5 39. Kg3 Kf6 40. Kf4 Be6 41. h3 fxg4 42. hxg4 Nf7 43. Bd1 Ke7 44. Kg3 Ng5 45. Kf4 Kd6 46. Ne2 Nh3+ 47. Kg3 Ng5 48. Kh4 Nf3+ 49. Kh5 Nh2 50. Ng3 Ke7 51. Be2 Kf6 52. Kh4 Ke7 53. Nh5 Nf3+ 54. Kg3 Ne1 55. Bd1 Nd3 56. Nf4 Nb2 57. Bb3 Kd6 58. Kh4 Bf7 59. Kg3 Be6 60. Ng6 Nc4 61. Kf4 Nd2 62. Bd1 Nc4 63. Nh4 Nb2 64. Bb3 Nd3+ 65. Kg3 Ke7 66. Ng6+ Kd6 67. Nf4 Nc1 68. Bd1 Na2 69. Nxe6 Kxe6 70. Kh4 Kf6 71. Bb3 Nb4 72. Kh5 Kg7 73. g5 hxg5 74. Kxg5 Nd3 75. Bxd5 1-0

[Event "ESP-ch Amateurs U2000"]
[Site "Murcia"]
[Date "2022.09.02"]
[Round "6.8"]
[White "Sanjuan Garcia, Miguel"]
[Black "Demerson Joly, Javier"]
[Result "0-1"]
[WhiteElo "1945"]
[BlackElo "1876"]
[PlyCount "168"]
[EventDate "2022.08.30"]
[EventType "swiss"]
[EventRounds "7"]
[EventCountry "ESP"]
[SourceTitle "EXT 2024"]
[Source "ChessBase"]
[SourceDate "2023.10.10"]
[SourceVersion "1"]
[SourceVersionDate "2023.10.10"]
[SourceQuality "1"]

1. e4 e5 2. Nc3 Nf6 3. g3 d5 4. exd5 Nxd5 5. Bg2 Nxc3 6. bxc3 Bd6 7. Nf3 0-0 8. 0-0 c5 9. Re1 Nc6 10. Rb1 Qc7 11. d3 Bg4 12. h3 Be6 13. a3 h6 14. Qe2 Rfe8 15. Qe4 f5 16. Qa4 Rac8 17. Nd2 b6 18. Nc4 Bd7 19. Nxd6 Qxd6 20. Qc4+ Be6 21. Qa4 Na5 22. Qh4 Kh7 23. Qh5 Bd7 24. g4 Qg6 25. Qxg6+ Kxg6 26. gxf5+ Bxf5 27. c4 Nc6 28. Bb2 Nd4 29. Bxd4 exd4 30. Be4 Bxe4 31. dxe4 Kf6 32. f3 Ke5 33. Kf2 Rc6 34. Rg1 g5 35. Rb3 Rf8 36. a4 Rf4 37. Rg4 Kd6 38. Rb1 Kc7 39. Rxf4 gxf4 40. Rg1 Kb7 41. h4 Ka6 42. h5 Ka5 43. Rg6 Rc8 44. Rxh6 Kb4 45. Ke2 Kc3 46. Kd1 Rd8 47. e5 d3 48. cxd3 Rxd3+ 49. Ke2 Re3+ 50. Kf2 Rxe5 51. Rh7 Kxc4 52. h6 Kb3 53. Rxa7 c4 54. h7 Rh5 55. Rb7 Kxa4 56. Rxb6 Rxh7 57. Ke2 Rh2+ 58. Ke1 c3 59. Kd1 Rf2 60. Rb8 Rxf3 61. Ra8+ Kb3 62. Rb8+ Kc4 63. Rc8+ Kd3 64. Rd8+ Ke3 65. Kc2 Kf2 66. Kd1 Re3 67. Rf8 f3 68. Rg8 Kf1 69. Rg7 Re1+ 70. Kc2 Re2+ 71. Kxc3 Rg2 72. Ra7 Rg5 73. Kd3 Re5 74. Kd4 Re1 75. Kd3 Re6 76. Kd2 Kf2 77. Rg7 Rd6+ 78. Kc3 Ke1 79. Re7+ Kf1 80. Kc2 f2 81. Rg7 Rh6 82. Kd2 Rh2 83. Ke3 Rg2 84. Rc7 Kg1 0-1

[Event "ESP-ch Amateurs U2000"]
[Site "Murcia"]
[Date "2022.08.30"]
[Round "2.8"]
[White "Sanjuan Garcia, Miguel"]
[Black "Manzanares Lopez, Alejandro"]
[Result "1/2-1/2"]
[WhiteElo "1945"]
[BlackElo "1854"]
[PlyCount "82"]
[EventDate "2022.08.30"]
[EventType "swiss"]
[EventRounds "7"]
[EventCountry "ESP"]
[SourceTitle "EXT 2024"]
[Source "ChessBase"]
[SourceDate "2023.10.10"]
[SourceVersion "1"]
[SourceVersionDate "2023.10.10"]
[SourceQuality "1"]

1. e4 e6 2. d4 d5 3. e5 c5 4. c3 Nc6 5. Be3 Nge7 6. Bd3 Nf5 7. Bxf5 exf5 8. Nf3 cxd4 9. Bxd4 Be6 10. Nbd2 Be7 11. 0-0 0-0 12. Nb3 Rc8 13. Re1 g5 14. Re2 Kh8 15. Bc5 g4 16. Nfd4 Rg8 17. Bxe7 Nxe7 18. f4 a6 19. Nc2 g3 20. h3 Ng6 21. Qd2 Qh4 22. Rf1 Rc4 23. Ncd4 b5 24. a3 Ra8 25. Nc1 Rac8 26. Nd3 Ne7 27. Qe1 Qh5 28. Re3 Nc6 29. Nxc6 R8xc6 30. Rxg3 d4 31. Rg5 Qh6 32. Nb4 Rc8 33. cxd4 a5 34. Na2 Rxd4 35. Nc3 Rxf4 36. Rxf4 Qxg5 37. Rf3 b4 38. Rg3 Qf4 39. axb4 Qd4+ 40. Kh2 axb4 41. Nb5 Qxb2 1/2-1/2

[Event "ESP-chT CECLUB Div2"]
[Site "Linares"]
[Date "2021.08.12"]
[Round "5.3"]
[White "Vela Frago, Alberto"]
[Black "Sanjuan Garcia, Miguel"]
[Result "1-0"]
[WhiteElo "2140"]
[BlackElo "1954"]
[PlyCount "47"]
[EventDate "2021.08.09"]
[EventType "team-swiss"]
[EventRounds "7"]
[EventCountry "ESP"]
[SourceTitle "CBM 203 Extra"]
[Source "ChessBase"]
[SourceDate "2021.09.30"]
[SourceVersion "1"]
[SourceVersionDate "2021.09.30"]
[SourceQuality "1"]
[WhiteTeam "Casablanca Myinvestor"]
[BlackTeam "Marbella Metro"]
[WhiteTeamCountry "ESP"]
[BlackTeamCountry "ESP"]

1. e4 c5 2. Nf3 e6 3. d4 cxd4 4. Nxd4 a6 5. c4 Nf6 6. Nc3 Bb4 7. Qd3 d5 8. exd5 exd5 9. Bg5 0-0 10. 0-0-0 dxc4 11. Qg3 Bxc3 12. bxc3 Ne4 13. Bxd8 Nxg3 14. hxg3 Rxd8 15. Bxc4 Bg4 16. f3 Bd7 17. Nf5 Nc6 18. Nd6 Ne5 19. Bb3 Rf8 20. f4 Bg4 21. fxe5 Bxd1 22. Rxd1 b5 23. Rf1 Ra7 24. e6 1-0

[Event "ESP-chT CECLUB Div2"]
[Site "Linares"]
[Date "2021.08.11"]
[Round "4.8"]
[White "Sanjuan Garcia, Miguel"]
[Black "Jimenez Zapata, Nuria"]
[Result "1-0"]
[WhiteElo "1954"]
[BlackElo "1693"]
[PlyCount "61"]
[EventDate "2021.08.09"]
[EventType "team-swiss"]
[EventRounds "7"]
[EventCountry "ESP"]
[SourceTitle "CBM 203 Extra"]
[Source "ChessBase"]
[SourceDate "2021.09.30"]
[SourceVersion "1"]
[SourceVersionDate "2021.09.30"]
[SourceQuality "1"]
[WhiteTeam "Marbella Metro"]
[BlackTeam "Raspeig"]
[WhiteTeamCountry "ESP"]
[BlackTeamCountry "ESP"]

1. e4 e5 2. Nf3 Nc6 3. d4 exd4 4. Nxd4 Bc5 5. Be3 Qf6 6. c3 Nge7 7. g3 d6 8. Bg2 0-0 9. Nxc6 Nxc6 10. Bxc5 dxc5 11. 0-0 Ne5 12. f4 Nc4 13. Qe2 Nb6 14. Nd2 Re8 15. Qb5 Qe7 16. Rae1 Bd7 17. Qe2 Bc6 18. e5 Bxg2 19. Qxg2 Rad8 20. Rd1 Rd3 21. Qe2 Red8 22. Nf3 c4 23. Rde1 f5 24. exf6 Qxf6 25. Qe4 Na4 26. Qxc4+ Qf7 27. Qxa4 Qd7 28. Qxd7 R3xd7 29. Ne5 Rd2 30. Rf2 R2d5 31. Rfe2 1-0

[Event "ESP-ch 84th"]
[Site "Marbella"]
[Date "2019.11.24"]
[Round "9"]
[White "Sanjuan Garcia, Miguel"]
[Black "Guerra Rivera, Salvador"]
[Result "1-0"]
[WhiteElo "2021"]
[BlackElo "2334"]
[PlyCount "83"]
[EventDate "2019.11.16"]
[EventType "swiss"]
[EventRounds "9"]
[EventCountry "ESP"]
[SourceTitle "CBM 193 Extra"]
[Source "ChessBase"]
[SourceDate "2020.01.31"]
[SourceVersion "1"]
[SourceVersionDate "2020.01.31"]
[SourceQuality "1"]

1. e4 e5 2. Nf3 d6 3. Bc4 Be7 4. c3 Nf6 5. d3 0-0 6. Nbd2 c6 7. Bb3 a5 8. a4 Nbd7 9. Qe2 Nc5 10. Bc2 Re8 11. 0-0 Bf8 12. Nc4 h6 13. Be3 Qc7 14. b4 axb4 15. cxb4 Ncd7 16. a5 d5 17. Nb6 Ra6 18. Nxc8 Qxc8 19. Rab1 d4 20. Bd2 b5 21. Rfc1 Ra7 22. Bb3 Nb8 23. Nh4 Kh7 24. f4 exf4 25. Qf2 Na6 26. Ba2 Ng4 27. Qxf4 Ne5 28. Qg3 g6 29. Nf3 Nxd3 30. Ng5+ hxg5 31. Qxd3 Rd7 32. Bxg5 Bg7 33. Rf1 Qc7 34. Qh3+ Kg8 35. Rf6 Rxe4 36. Rbf1 Re3 37. Rxf7 Rd5 38. Rxc7 Rxh3 39. Bxd5+ cxd5 40. Rc8+ Kh7 41. gxh3 d3 42. Rf7 1-0

[Event "Dos Hermanas rapid 31st"]
[Site "Dos Hermanas"]
[Date "2019.05.25"]
[Round "3"]
[White "Esquivias Quintero, Luis Manuel"]
[Black "Sanjuan Garcia, Miguel"]
[Result "0-1"]
[WhiteElo "2287"]
[BlackElo "2048"]
[PlyCount "94"]
[EventDate "2019.05.25"]
[EventType "swiss (rapid)"]
[EventRounds "8"]
[EventCountry "ESP"]
[SourceTitle "CBM 190 Extra"]
[Source "ChessBase"]
[SourceDate "2019.07.15"]
[SourceVersion "1"]
[SourceVersionDate "2019.07.15"]
[SourceQuality "1"]

1. e4 c5 2. Nf3 e6 3. Nc3 d6 4. d4 cxd4 5. Nxd4 Nf6 6. Be3 Be7 7. f3 Nc6 8. Qd2 0-0 9. 0-0-0 d5 10. exd5 Nxd5 11. Nxd5 Qxd5 12. c4 Qe5 13. Bd3 Bf6 14. f4 Qa5 15. Qxa5 Nxa5 16. Nb3 Nc6 17. Be4 e5 18. f5 Rd8 19. Rxd8+ Bxd8 20. Rd1 Be7 21. g4 g6 22. Rd5 Kg7 23. a3 gxf5 24. gxf5 Kf6 25. Rd1 Bf8 26. Rf1 Ne7 27. Bc5 Bd7 28. Rd1 Ba4 29. Rd6+ Kg5 30. Be3+ Kg4 31. h3+ Kg3 32. Rd3 Kh4 33. f6 Ng6 34. Nd2 Nf4 35. Bxf4 exf4 36. Nf3+ Kg3 37. Ng5+ Kh4 38. Nxf7 Rc8 39. Ne5 Bh6 40. b3 Bc6 41. Bxc6 bxc6 42. Rf3 Re8 43. Nd7 Rd8 44. Nc5 Rd6 45. Ne4 Re6 46. Nf2 Rxf6 47. Ng4 Rg6 0-1

[Event "Dos Hermanas rapid 31st"]
[Site "Dos Hermanas"]
[Date "2019.05.25"]
[Round "4"]
[White "Sanjuan Garcia, Miguel"]
[Black "Bernabeu Lopez, Carlos Javier"]
[Result "0-1"]
[WhiteElo "2048"]
[BlackElo "2355"]
[PlyCount "40"]
[EventDate "2019.05.25"]
[EventType "swiss (rapid)"]
[EventRounds "8"]
[EventCountry "ESP"]
[SourceTitle "CBM 190 Extra"]
[Source "ChessBase"]
[SourceDate "2019.07.15"]
[SourceVersion "1"]
[SourceVersionDate "2019.07.15"]
[SourceQuality "1"]

1. e4 e5 2. Nc3 Nf6 3. g3 g6 4. Bg2 Bg7 5. Nge2 0-0 6. 0-0 c6 7. d4 exd4 8. Nxd4 d6 9. h3 Nbd7 10. Be3 Re8 11. Nde2 Qe7 12. Qd2 Ne5 13. Bg5 Bxh3 14. f4 Nc4 15. Qd4 Bxg2 16. Kxg2 Ng4 17. Qxc4 Ne3+ 18. Kf3 Nxc4 19. Bxe7 Rxe7 20. b3 Nd2+ 0-1

[Event "ESP-ch rapid"]
[Site "Linares"]
[Date "2018.08.19"]
[Round "1"]
[White "Salgado Lopez, Ivan"]
[Black "Sanjuan Garcia, Miguel"]
[Result "1-0"]
[WhiteElo "2643"]
[BlackElo "2115"]
[PlyCount "84"]
[EventDate "2018.08.19"]
[EventType "swiss (rapid)"]
[EventRounds "9"]
[EventCountry "ESP"]
[SourceTitle "CBM 186 Extra"]
[Source "ChessBase"]
[SourceDate "2018.08.24"]
[SourceVersion "1"]
[SourceVersionDate "2018.08.24"]
[SourceQuality "1"]

1. e4 c5 2. Nf3 e6 3. d4 cxd4 4. Nxd4 Nf6 5. Nc3 d6 6. g3 Nc6 7. Bg2 Bd7 8. Nb3 Be7 9. 0-0 a6 10. a4 Rb8 11. a5 0-0 12. Be3 Ne5 13. Nd2 Bc6 14. f4 Ned7 15. Nb3 e5 16. f5 Nc5 17. Nxc5 dxc5 18. Qe2 b5 19. axb6 Qxb6 20. Ra2 Bb5 21. Nxb5 Qxb5 22. Qxb5 axb5 23. Bf3 Rfc8 24. Ra7 Bf8 25. g4 h6 26. h4 c4 27. g5 hxg5 28. hxg5 Ne8 29. Rd1 Rd8 30. Rxd8 Rxd8 31. Kg2 Rc8 32. Bh5 Rc7 33. Ra8 Nd6 34. Kf3 Rc8 35. Ra5 f6 36. gxf6 gxf6 37. Ra7 b4 38. Rd7 b3 39. c3 Nb5 40. Bf7+ Kh8 41. Be6 Ba3 42. Rd1 Rc7 1-0

[Event "Andalucia-chA"]
[Site "Algeciras"]
[Date "2018.05.18"]
[Round "4"]
[White "Sanjuan Garcia, Miguel"]
[Black "Bernabeu Lopez, Carlos Javier"]
[Result "1/2-1/2"]
[WhiteElo "2112"]
[BlackElo "2321"]
[PlyCount "72"]
[EventDate "2018.05.12"]
[EventType "swiss"]
[EventRounds "8"]
[EventCountry "ESP"]
[SourceTitle "EXT 2020"]
[Source "ChessBase"]
[SourceDate "2019.10.17"]
[SourceVersion "1"]
[SourceVersionDate "2019.10.17"]
[SourceQuality "1"]

1. e4 g6 2. d4 Bg7 3. Nc3 d6 4. Be3 a6 5. Qd2 b5 6. a4 b4 7. Nd1 a5 8. c3 Nf6 9. f3 bxc3 10. bxc3 0-0 11. Bd3 Nfd7 12. Ne2 e5 13. 0-0 Na6 14. Nb2 exd4 15. cxd4 Nb4 16. Bc4 d5 17. Bb3 Ba6 18. Rfc1 c6 19. Nc3 Nb6 20. Na2 Nxa2 21. Rxa2 dxe4 22. fxe4 Bb7 23. Qf2 Nd7 24. Nd3 Qe7 25. e5 Nb6 26. Nc5 Nd5 27. Bxd5 cxd5 28. Nxb7 Qxb7 29. Rb2 Qd7 30. Rb5 Rfb8 31. Rcb1 Rxb5 32. Rxb5 Qc6 33. Qb2 Qc4 34. Qb3 Qe2 35. h3 Bf8 36. Rxd5 Rb8 1/2-1/2

[Event "Gibraltar Masters 16th"]
[Site "Caleta"]
[Date "2018.01.28"]
[Round "6"]
[White "Mannion, Stephen R"]
[Black "Sanjuan Garcia, Miguel"]
[Result "1-0"]
[WhiteElo "2285"]
[BlackElo "2019"]
[PlyCount "135"]
[EventDate "2018.01.23"]
[EventType "swiss"]
[EventRounds "10"]
[EventCountry "GGB"]
[SourceTitle "CBM 183"]
[Source "ChessBase"]
[SourceDate "2018.03.14"]
[SourceVersion "1"]
[SourceVersionDate "2018.03.14"]
[SourceQuality "1"]

1. e4 c5 2. Nf3 e6 3. d4 cxd4 4. Nxd4 Nf6 5. Nc3 d6 6. g4 e5 7. Bb5+ Bd7 8. Bxd7+ Qxd7 9. Nf5 h5 10. gxh5 Nxh5 11. Qf3 g6 12. Ng3 Be7 13. Nd5 Na6 14. Be3 Nc7 15. Nxe7 Qxe7 16. 0-0-0 a6 17. Rd2 0-0-0 18. Rhd1 Qe6 19. Kb1 Nxg3 20. hxg3 f5 21. Bb6 fxe4 22. Qxe4 d5 23. Qb4 Rd7 24. c4 d4 25. a4 Qf5+ 26. Ka1 Qf3 27. a5 Ne6 28. Ka2 Kb8 29. Re1 e4 30. c5 Kc8 31. Qc4 e3 32. fxe3 dxe3 33. Rxd7 Kxd7 34. Qd3+ Kc8 35. Rxe3 Qc6 36. Qc4 Nc7 37. Re5 Qb5 38. Qg4+ Qd7 39. Qe4 Qf7+ 40. Ka3 Nb5+ 41. Kb4 Qd7 42. Rd5 Qc6 43. Qg4+ Kb8 44. Qd7 Qf6 45. Kb3 Rc8 46. Kc2 Qf8 47. Qe6 Nc7 48. Qe5 Qf7 49. b3 Ka8 50. Bxc7 Qxc7 51. Qxc7 Rxc7 52. b4 Rc8 53. Rd6 Rg8 54. Kb3 Kb8 55. Kc4 Kc7 56. Kd4 g5 57. Ke4 Rf8 58. Rg6 Rf1 59. Kd5 Rd1+ 60. Kc4 Rc1+ 61. Kd5 Rd1+ 62. Ke5 Rb1 63. Rxg5 Rxb4 64. Kd5 Rb5 65. Rg7+ Kb8 66. g4 Rxa5 67. g5 b6 68. Kc6 1-0

[Event "ESP-ch rapid"]
[Site "Linares"]
[Date "2017.08.13"]
[Round "3"]
[White "Martin Rueda, Daniel"]
[Black "Sanjuan Garcia, Miguel"]
[Result "0-1"]
[WhiteElo "2310"]
[BlackElo "2022"]
[PlyCount "77"]
[EventDate "2017.08.13"]
[EventType "swiss (rapid)"]
[EventRounds "9"]
[EventCountry "ESP"]
[SourceTitle "CBM 179 Extra"]
[Source "ChessBase"]
[SourceDate "2017.08.23"]
[SourceVersion "1"]
[SourceVersionDate "2017.08.23"]
[SourceQuality "1"]

1. e4 c5 2. Nf3 e6 3. d3 d5 4. Qe2 Be7 5. g3 Nc6 6. Bg2 Qc7 7. 0-0 dxe4 8. dxe4 Nf6 9. c3 0-0 10. a4 b6 11. Na3 a6 12. Nc4 e5 13. Ne3 Bd6 14. Nd2 Re8 15. Rd1 Bf8 16. Nd5 Qd8 17. Nc4 Nxd5 18. exd5 Nb8 19. Be3 Nd7 20. h4 Rb8 21. h5 g6 22. hxg6 hxg6 23. Qd2 Nf6 24. Bg5 Bg7 25. d6 Bd7 26. a5 bxa5 27. Nxa5 Qb6 28. Nc4 Qb3 29. Bxf6 Qxc4 30. Bd5 Qb5 31. Be7 a5 32. Qg5 c4 33. Qxg6 Qxd5 34. Qxg7+ Kxg7 35. Rxd5 f6 36. Raxa5 Bc6 37. Rdc5 Bf3 38. Rcb5 Rh8 39. Rc5 0-1

[Event "Roquetas de Mar U2150 op"]
[Site "Roquetas de Mar"]
[Date "2013.01.06"]
[Round "6.5"]
[White "Uroz Torres, David"]
[Black "Sanjuan Garcia, Miguel"]
[Result "1-0"]
[WhiteElo "1904"]
[BlackElo "2099"]
[PlyCount "44"]
[EventDate "2013.01.04"]
[EventType "swiss"]
[EventRounds "7"]
[EventCountry "ESP"]
[SourceTitle "EXT 2024"]
[Source "ChessBase"]
[SourceDate "2023.10.10"]
[SourceVersion "1"]
[SourceVersionDate "2023.10.10"]
[SourceQuality "1"]

1. d4 Nf6 2. c4 c5 3. d5 b5 4. cxb5 a6 5. b6 Qxb6 6. Nc3 d6 7. Nf3 g6 8. g3 Bg7 9. Bg2 0-0 10. 0-0 Nbd7 11. h3 Ne8 12. Nd2 Nc7 13. Kh2 Nb5 14. Nc4 Qc7 15. Bd2 Ne5 16. Nxe5 Bxe5 17. a4 Nxc3 18. Bxc3 Bg7 19. e4 Rb8 20. f4 Bd7 21. Rf2 Rb7 22. e5 Rfb8 1-0

[Event "Roquetas de Mar U2150 op"]
[Site "Roquetas de Mar"]
[Date "2013.01.05"]
[Round "5.1"]
[White "Sanjuan Garcia, Miguel"]
[Black "Munoz Manzano, Jose Manuel"]
[Result "0-1"]
[WhiteElo "2099"]
[BlackElo "1990"]
[PlyCount "106"]
[EventDate "2013.01.04"]
[EventType "swiss"]
[EventRounds "7"]
[EventCountry "ESP"]
[SourceTitle "EXT 2024"]
[Source "ChessBase"]
[SourceDate "2023.10.10"]
[SourceVersion "1"]
[SourceVersionDate "2023.10.10"]
[SourceQuality "1"]

1. e4 c6 2. d4 d5 3. Nd2 dxe4 4. Nxe4 Bf5 5. Ng3 Bg6 6. h4 h6 7. Nf3 Nd7 8. h5 Bh7 9. Bd3 Bxd3 10. Qxd3 e6 11. Bf4 Qa5+ 12. Bd2 Bb4 13. c3 Be7 14. c4 Qc7 15. 0-0-0 Ngf6 16. Kb1 0-0 17. Ne4 Nxe4 18. Qxe4 Nf6 19. Qe2 b5 20. cxb5 cxb5 21. Rc1 Qb7 22. Rhe1 Rac8 23. g4 Rxc1+ 24. Bxc1 Bb4 25. Bd2 Bxd2 26. Nxd2 Qd5 27. Nb3 a5 28. Nxa5 Qxd4 29. f3 Qf4 30. Qe3 Qa4 31. Nb3 Ra8 32. Nc1 Nd5 33. Qe4 Qa5 34. g5 hxg5 35. h6 gxh6 36. Rh1 Qa4 37. Qe5 Rc8 38. Qe2 Qf4 39. Nb3 Qf5+ 40. Ka1 Rc2 41. Qxb5 Qxf3 42. Rf1 Rf2 43. Rc1 g4 44. a4 g3 45. Qb8+ Kg7 46. Rc8 Nf6 47. Rh8 Qf4 48. Qf8+ Kg6 49. Nc5 g2 50. Ka2 Qc4+ 51. Ka3 Rf3+ 52. b3 Qc1+ 53. Kb4 g1Q 0-1

[Event "Roquetas de Mar U2150 op"]
[Site "Roquetas de Mar"]
[Date "2013.01.04"]
[Round "1.1"]
[White "Segura Fontarnau, Abel"]
[Black "Sanjuan Garcia, Miguel"]
[Result "0-1"]
[WhiteElo "1660"]
[BlackElo "2099"]
[PlyCount "68"]
[EventDate "2013.01.04"]
[EventType "swiss"]
[EventRounds "7"]
[EventCountry "ESP"]
[SourceTitle "EXT 2024"]
[Source "ChessBase"]
[SourceDate "2023.10.10"]
[SourceVersion "1"]
[SourceVersionDate "2023.10.10"]
[SourceQuality "1"]

1. e4 c5 2. Nf3 e6 3. d4 cxd4 4. Nxd4 Nf6 5. Nc3 d6 6. Bb5+ Nbd7 7. 0-0 a6 8. Ba4 b5 9. Bb3 Nc5 10. f3 Bb7 11. Bg5 Be7 12. Re1 Qc7 13. Qd2 h6 14. Be3 Nfd7 15. Nde2 Rd8 16. Rad1 Ne5 17. Bd4 0-0 18. Nc1 Bf6 19. f4 Nxb3 20. axb3 Nd7 21. Bf2 Be7 22. Qe2 Rc8 23. Rd3 b4 24. N3a2 Qxc2 25. Nxb4 Qxe2 26. Nxe2 Bxe4 27. Rc3 a5 28. Na2 Bf6 29. Nd4 Bd5 30. Rcc1 Rb8 31. Rc7 Nc5 32. Ra7 Nxb3 33. Nxb3 Rxb3 34. Rxa5 Rxb2 0-1